Opening schools and closing prisons: caring for destitute and delinquent children in Scotland 1812-1872
Preface -- Punishment, reformation and prevention : changing attitudes to juvenile crime in mid-nineteenth century Britain -- The lamentable extent of youthful depravity : the Tron Riot of 1812 -- Stirrings for change : developments in Edinburgh, 1812-1846 -- "An intermediate step" : the G...
| 1. VerfasserIn: | |
|---|---|
| Medienart: | Druck Buch |
| Sprache: | Englisch |
| Veröffentlicht: |
London New York
Routledge
2017
|
| In: |
Routledge studies in modern British history (14)
Jahr: 2017 |
| Online-Zugang: |
Inhaltsverzeichnis Klappentext (Verlag) |
| Bestand in Tübingen: | In Tübingen vorhanden. UB: KB 20 A 8394 |
| Verfügbarkeit prüfen: | HBZ Gateway |
| Subito Bestelldienst: | Jetzt bestellen. |
| Schlagwörter: |
MARC
| LEADER | 00000cam a2200000 c 4500 | ||
|---|---|---|---|
| 001 | 1621768694 | ||
| 003 | DE-627 | ||
| 005 | 20251225202336.0 | ||
| 007 | tu | ||
| 008 | 161117s2017 xxu||||| 00| ||eng c | ||
| 010 | |a 2016027957 | ||
| 020 | |a 9781138221727 |c hardback : alk. paper |9 978-1-138-22172-7 | ||
| 035 | |a (DE-627)1621768694 | ||
| 035 | |a (DE-576)479865515 | ||
| 035 | |a (DE-599)BSZ479865515 | ||
| 035 | |a (OCoLC)965638677 | ||
| 040 | |a DE-627 |b ger |c DE-627 |e rda | ||
| 041 | |a eng | ||
| 044 | |c XD-US | ||
| 050 | 0 | |a HV9147.A5 | |
| 082 | 0 | |a 371.930941109034 | |
| 082 | 0 | |a 371.9309411/09034 |q LOC |2 23 | |
| 084 | |a 2,1 |2 ssgn | ||
| 100 | 1 | |8 1\p |a Ralston, Andrew G. |e VerfasserIn |0 (DE-588)116526353X |0 (DE-627)1029390509 |0 (DE-576)510340628 |4 aut | |
| 109 | |a Ralston, Andrew G. | ||
| 245 | 1 | 0 | |a Opening schools and closing prisons |b caring for destitute and delinquent children in Scotland 1812-1872 |c Andrew G. Ralston |
| 264 | 1 | |a London |a New York |b Routledge |c 2017 | |
| 300 | |a xvi, 178 Seiten | ||
| 336 | |a Text |b txt |2 rdacontent | ||
| 337 | |a ohne Hilfsmittel zu benutzen |b n |2 rdamedia | ||
| 338 | |a Band |b nc |2 rdacarrier | ||
| 490 | 1 | |a Routledge studies in modern British history |v 14 | |
| 500 | |a Includes bibliographical references and index | ||
| 520 | |a Preface -- Punishment, reformation and prevention : changing attitudes to juvenile crime in mid-nineteenth century Britain -- The lamentable extent of youthful depravity : the Tron Riot of 1812 -- Stirrings for change : developments in Edinburgh, 1812-1846 -- "An intermediate step" : the Glasgow house of refuge, 1838-1854 -- Prevention is better than cure : the Aberdeen industrial schools, 1841-1854 -- Ragged school rivalry : the original versus the united industrial school in Edinburgh, 1847-1854 -- "A better model" : the influence of the Scottish approach in England -- The formation of a national system (i) : reformatory and industrial schools legislation, 1854-1872 -- The formation of a national system (ii) : the effects of legislation on individual schools -- Schooling for all : industrial schools and the 1872 Education Act -- Change and continuity : nineteenth century approaches in context -- Bibliography -- Index | ||
| 583 | 1 | |a Archivierung/Langzeitarchivierung gewährleistet |f SSG |x XA-DE-BW |2 pdager |5 DE-21 | |
| 650 | 0 | |a Juvenile delinquents |x Rehabilitation |x History |x 19th century |x Scotland | |
| 650 | 0 | |a Juvenile Delinquency |x History |x 19th century |x Scotland | |
| 650 | 0 | |a Prisons |x History |x 19th century |x Scotland | |
| 650 | 0 | |a Reformatories |x History |x 19th century |x Scotland | |
| 650 | 0 | |a Trade schools |x History |x 19th century |x Scotland | |
| 650 | 4 | |a Juvenile Delinquency | |
| 650 | 4 | |a Juvenile delinquents | |
| 650 | 4 | |a Prisons | |
| 650 | 4 | |a Reformatories | |
| 650 | 4 | |a Trade schools | |
| 689 | 0 | 0 | |d g |0 (DE-588)4053233-1 |0 (DE-627)104522925 |0 (DE-576)209102810 |a Schottland |2 gnd |
| 689 | 0 | 1 | |d s |0 (DE-588)4163817-7 |0 (DE-627)105451916 |0 (DE-576)209884002 |a Kinderfürsorge |2 gnd |
| 689 | 0 | 2 | |d s |0 (DE-588)4028892-4 |0 (DE-627)106276573 |0 (DE-576)208979980 |a Jugendhilfe |2 gnd |
| 689 | 0 | 3 | |d s |0 (DE-588)4028907-2 |0 (DE-627)106276530 |0 (DE-576)208980032 |a Jugendlicher Täter |2 gnd |
| 689 | 0 | 4 | |d s |0 (DE-588)4128233-4 |0 (DE-627)105718823 |0 (DE-576)209600365 |a Resozialisierung |2 gnd |
| 689 | 0 | 5 | |a z |2 gnd |a Geschichte 1812-1872 |
| 689 | 0 | |5 (DE-627) | |
| 776 | 1 | |z 9781315409733 | |
| 830 | 0 | |a Routledge studies in modern British history |v 14 |9 14 |w (DE-627)387671110 |w (DE-576)114150206 |w (DE-600)2146992-1 |7 am | |
| 856 | 4 | 2 | |u https://swbplus.bsz-bw.de/bsz479865515inh.htm |m B:DE-576;DE-21 |q application/pdf |v 20170113133919 |x Verlag |3 Inhaltsverzeichnis |7 1 |
| 856 | 4 | 2 | |u https://swbplus.bsz-bw.de/bsz479865515kla.htm |m B:DE-576;DE-21 |q application/pdf |v 20170113133919 |x Verlag |3 Klappentext |7 1 |
| 883 | |8 1\p |a cgwrk |d 20250301 |q DE-101 |u https://d-nb.info/provenance/plan#cgwrk | ||
| 951 | |a BO | ||
| ELC | |b 1 | ||
| LOK | |0 000 xxxxxcx a22 zn 4500 | ||
| LOK | |0 001 3242191978 | ||
| LOK | |0 003 DE-627 | ||
| LOK | |0 004 1621768694 | ||
| LOK | |0 005 20161227150529 | ||
| LOK | |0 008 161117||||||||||||||||ger||||||| | ||
| LOK | |0 040 |a DE-21 |c DE-627 |d DE-21 | ||
| LOK | |0 852 |a DE-21 | ||
| LOK | |0 852 1 |c KB 20 A 8394 |9 00 | ||
| LOK | |0 935 |a krim | ||
| LOK | |0 938 |a 1612 |f 34 | ||
| LOK | |0 939 |a 17-11-16 |b l01 | ||
| ORI | |a SA-MARC-krimdoka001.raw | ||
| SIG | |a UB: KB 20 A 8394 | ||
| TIM | |a 100018120101_100018721231 |b Geschichte 1812-1872 | ||
